000 00289nam a2200121Ia 4500
008 190216s9999||||xx |||||||||||||| ||und||
100 _aSivasankar Patnaik
245 0 _aHindi - Aadarsha Nariyam
260 _bDuke University Press
_c2006
300 _a120
650 _aHindi
942 _cBK
999 _c16497
_d16497